000
00337nam a22001457a 4500
008
160520b xxu||||| |||| 00| 0 eng d
020
_a
0874340942
020
_a
0874340950
020
_a
0874340969
020
_a
0874340977
041
_a
eng
080
_a
618.2
245
_a
Nurse review:
_c
A Clinical Update System;
942
_2
udc
_c
BK
999
_c
2295
_d
2295